Style (Record no. 20497)

MARC details
000 -LEADER
fixed length control field 02934ngm a2200481 4500
003 - CONTROL NUMBER IDENTIFIER
control field dpl
005 - DATE AND TIME OF LATEST TRANSACTION
control field 20090102114853.0
007 - PHYSICAL DESCRIPTION FIXED FIELD--GENERAL INFORMATION
fixed length control field DVD
008 - FIXED-LENGTH DATA ELEMENTS--GENERAL INFORMATION
fixed length control field ||||||sp199 xxu|||||c ||| 00| 0 ng d
010 ## - LIBRARY OF CONGRESS CONTROL NUMBER
LC control number DVD-001695-1697 & DVD-005231-5235
024 ## - OTHER STANDARD IDENTIFIER
Standard number or code SHE DVD 042
Terms of availability 169.00 & 99.00 (Revised Price)
035 ## - SYSTEM CONTROL NUMBER
System control number DVD-001695-1697
035 ## - SYSTEM CONTROL NUMBER
System control number DVD-005231-5235
040 ## - CATALOGING SOURCE
Original cataloging agency DPL
Transcribing agency DPL
082 ## - DEWEY DECIMAL CLASSIFICATION NUMBER
Classification number DVD / STYL
245 ## - TITLE STATEMENT
Title Style
Statement of responsibility, etc N C Gil Presents
Medium [videorecording] DVD/
260 ## - PUBLICATION, DISTRIBUTION, ETC. (IMPRINT)
Name of publisher, distributor, etc Shemaroo Video Pvt. Ltd.
300 ## - PHYSICAL DESCRIPTION
Extent 1 videodisc DVD; (163 min.) :
Other physical details sd., col. ;
Dimensions 4 3/4 in.
Type of unit DVD
440 ## - SERIES STATEMENT/ADDED ENTRY--TITLE
Title Shemaroo Home Entertainment
500 ## - GENERAL NOTE
General note Digitally Re-Mastered From the Original Film
500 ## - GENERAL NOTE
General note Every dam's thing in ishtyle
500 ## - GENERAL NOTE
General note The Ultimate Enchanced Version With Smooth Viewing
538 ## - SYSTEM DETAILS NOTE
System details note Dolby Digital 5.1 - Hindi Subtitles: English
538 ## - SYSTEM DETAILS NOTE
System details note Anamorphic Wide Screen Format, Presented 2:35.1 Aspect Ratio Enhancaead for 16:9 Wide Screen
650 ## - SUBJECT ADDED ENTRY--TOPICAL TERM
Topical term or geographic name as entry element Motion Picture
700 ## - ADDED ENTRY--PERSONAL NAME
Personal name Chandra, N
700 ## - ADDED ENTRY--PERSONAL NAME
Personal name Sanjeev Darshan
700 ## - ADDED ENTRY--PERSONAL NAME
Personal name Joshi, Sharman
700 ## - ADDED ENTRY--PERSONAL NAME
Personal name Sen, Ria
700 ## - ADDED ENTRY--PERSONAL NAME
Personal name Khan, Sahil
700 ## - ADDED ENTRY--PERSONAL NAME
Personal name Mudgal, Shilpi
942 ## - ADDED ENTRY ELEMENTS (KOHA)
Koha item type CD-ROMs, DVDs, VHS
Source of classification or shelving scheme Dewey Decimal Classification
Classification part DVD
Call number suffix STYL
Holdings
Withdrawn status Lost status Source of classification or shelving scheme Damaged status Not for loan Home library Current library Date acquired Source of acquisition Cost, normal purchase price Total Checkouts Full call number Barcode Date last seen Date checked out Copy number Cost, replacement price Price effective from Koha item type
    Dewey Decimal Classification     Central Library Central Library 02/01/2009 Purchase 169.00 11 DVD STYL DVD-001695 06/03/2010 19/02/2010 1 169.00 02/01/2009 CD-ROMs, DVDs, VHS
    Dewey Decimal Classification     Janak Puri Janak Puri 04/12/2009 Pioneers/885/29-10-09/325/13-10-09 /06-11-09 99.00 8 DVD STYL DVD-005231 31/07/2013 20/07/2013 1 99.00 04/12/2009 CD-ROMs, DVDs, VHS
    Dewey Decimal Classification     Karol Bagh Karol Bagh 04/12/2009 Pioneers/885/29-10-09/325/13-10-09 /06-11-09 99.00 11 DVD STYL DVD-005234 27/01/2015 29/12/2014 1 99.00 04/12/2009 CD-ROMs, DVDs, VHS
    Dewey Decimal Classification     Narela Narela 04/12/2009 Pioneers/885/29-10-09/325/13-10-09 /06-11-09 99.00 3 DVD STYL DVD-005235 09/08/2011 30/07/2011 1 99.00 04/12/2009 CD-ROMs, DVDs, VHS
    Dewey Decimal Classification     Patel Nagar Patel Nagar 02/01/2009 Purchase 169.00 16 DVD STYL DVD-001697 21/10/2011 07/10/2011 1 169.00 02/01/2009 CD-ROMs, DVDs, VHS
    Dewey Decimal Classification     R.K.Puram-8 R.K.Puram-8 04/12/2009 Pioneers/885/29-10-09/325/13-10-09 /06-11-09 99.00 2 DVD STYL DVD-005232 15/04/2013 03/04/2013 1 99.00 04/12/2009 CD-ROMs, DVDs, VHS
    Dewey Decimal Classification     Sarojini Nagar Sarojini Nagar 02/01/2009 Purchase 169.00 16 DVD STYL DVD-001696 19/03/2014 08/03/2014 1 169.00 02/01/2009 CD-ROMs, DVDs, VHS
    Dewey Decimal Classification     Vinoba Puri Vinoba Puri 04/12/2009 Pioneers/885/29-10-09/325/13-10-09 /06-11-09 99.00 8 DVD STYL DVD-005233 10/12/2012 21/11/2012 1 99.00 04/12/2009 CD-ROMs, DVDs, VHS

© Delhi Public Library
Hit Counter
free hit counter